Novinky v uplatňování daně z přidané hodnoty

Nové spôsoby výpočtu nároku na odpočet u platcov DPH poskytujúcich oslobodenie od ich plnenia, platné v Českej republike.

Gespeichert in:
Bibliographische Detailangaben
1. Verfasser: Tomíček, Milan
Format: Buchkapitel
Sprache:Tschechisch
Schlagworte:
Tags: Tag hinzufügen
Keine Tags, Fügen Sie das erste Tag hinzu!

MARC

LEADER 00000naa a2200000 4500
001 r040586
005 20231004065429.2
041 0 |a cze 
044 |a CZ 
245 1 0 |a Novinky v uplatňování daně z přidané hodnoty  |c Milan Tomíček 
520 |a Nové spôsoby výpočtu nároku na odpočet u platcov DPH poskytujúcich oslobodenie od ich plnenia, platné v Českej republike. 
610 2 0 |a dane z hodnoty pridanej 
610 2 0 |a oslobodenie od daní 
610 2 0 |a daňovníci 
610 2 0 |a zákony 
610 2 0 |a novelizácia 
610 2 0 |a Česko 
100 1 |a Tomíček, Milan